000
00292nam a22001337a 4500
005
20250521054615.0
008
250521b |||||||| |||| 00| 0 eng d
040
_c
100
_a
MOHMOD YUNUS
_9
670
245
_a
KENDRI KE RABN
260
_c
1958
300
_a
239;P
942
_2
ddc
_c
BK
999
_c
31472
_d
31472